00519cam a2200169 a 450000100100000000500170001000800410002704000230006808200180009110000240010924500660013326000390019930000200023858600330025865000280029165000300031900000485220200929151523.0850930s1983 nq 001 p spa  aDO-SdBNPcDLCdDLC aN861.6bR672p1 aRocha, Luis,d1942-10aPhocas :bversiones/interpretaciones 1962-1982 /cLuis Rocha. aManagua :bNueva Nicaragua,c1983. a86 p. ;c21 cm. aPremio Rubén Darío, 1983 4aPoesía nicaragüense 4aLiteratura nicaragüense